| 000 | 00836nam a2200229 a 4500 | ||
|---|---|---|---|
| 999 |
_c5239 _d5239 |
||
| 001 | 5239 | ||
| 003 | BD-JhCC | ||
| 005 | 20171211131220.0 | ||
| 008 | 171128s1968 bg a|||| ||a| 000 0 ben d | ||
| 035 | _a(BD-JhCC)5239 | ||
| 040 |
_aBD-JhCC _dBD-JhCC |
||
| 041 | _aben | ||
| 082 |
_a338.5 _bGOS 1968 |
||
| 100 | _aঘোষ, অলক | ||
| 245 |
_aঅর্থবিদ্যা : ব্যষ্টিগত বিশ্লেষণ / _cঅলক ঘোষ; অনিল বসাক |
||
| 260 |
_aকলিকাতা : _bবিদ্যেদয় লাইব্রেরী প্রাইভেট লিমিটেড, _c1968. |
||
| 300 |
_a p. : _billu ; _c21 cm. |
||
| 650 | _aMicro economics | ||
| 700 |
_aবসাক, অনিল _qঅলক ঘোষ; অনিল বসাক |
||
| 942 |
_2ddc _cBK |
||